000 01449cam a22003131i 4500
003 SA-RiAUC
005 20250724062321.0
008 250724s1986 le g b 00000 ara c
040 _aSA-RiAUC
_bara
_cSA-RiAUC
_erda
082 0 4 _a257.1
090 _a257.1
_b ا ب و ن
100 1 _aأبو نعيم، أحمد بن عبد الله بن أحمد،
_d336-430 هجري
_eمؤلف.
245 1 0 _aتثبيت الإمامة وترتيب الخلافة /
_cأبي نعيم أحمد بن عبد الله بن أحمد بن موسى بن مهران الأصبهاني، دراسة وتحقيق إبراهيم علي التهامي.
250 _aالطبعة الأولى.
264 1 _aبيروت :
_bدار الإمام مسلم للنشر والتوزيع،
_c1986
300 _a246 صفحة ؛
_c24 سم
336 _aنص
_btxt
_2rdacontent
_3كتاب
337 _aبدون وسيط
_bn
_2rdamedia
338 _aمجلد
_bnc
_2rdacarrier
504 _aيشتمل على إرجاعات ببليوجرافية.
650 7 _aالخلافة
_2aucsh
650 7 _aالإسلام
_xجوانب سياسية
_2aucsh
650 7 _aالنظام السياسي في الإسلام
_2aucsh
650 7 _aالإمامة (فقه إسلامي)
_2aucsh
650 7 _aنظم الحكم في الإسلام
_2aucsh
700 1 _aالتهامي، إبراهيم علي
_eمحقق.
942 _2ddc
_cBOOK
_n0
949 _aSA-JeALM
_d250724
_umohamedma123
_n1
999 _c10251
_d10251